000 00971cam a2200313 a 4500
003 MX-MxUPN
005 20240507114222.0
008 191015s2004 sp a ar 000 j spa d
020 _a8478647104
035 _aUPN01000233401
040 _aMX-MxUPN
_bspa
041 1 _aspa
_hfre
050 4 _aP119
_bD45 2004
100 1 _aDelval, Marie-Hélène
_951342
245 1 0 _aBurrito escucha los ruidos
250 _aSegunda edición
260 _aBarcelona :
_bCombel,
_c2004
300 _a[14] páginas :
_bilustraciones a color
490 _aPalabras menudas
500 _aTítulo original: Cadichon écoute les bruits.
650 4 _951863
_aOnomatopeya
_vLiteratura infantil
650 4 _99516
_aVocabulario
_vLiteratura infantil
700 1 _951187
_aCourtin, Thierry
_eilustración
700 1 _951800
_aHernández, Emilia
_etraducción
902 _bVíctorGodínez/070524
905 _aInfantil
942 _2lcc
_cLIBRO
999 _c205496
_d205496